| 000 | 00483nam a22001697a 4500 | ||
|---|---|---|---|
| 003 | BD-ChCU | ||
| 005 | 20260216093519.0 | ||
| 008 | 260216b bg ||||| |||| 00| 0 ben d | ||
| 040 | _cBD-ChCU | ||
| 082 | _a320.92 MAT | ||
| 100 |
_aTendulkar , D.G. _920319 |
||
| 245 |
_aMahatma : _bLife of Mohandas Karamchand Gandhi ./ _cD.G.Tendulkar, |
||
| 260 |
_aDelhi : _bPublication Division , _cC 1969 |
||
| 300 | _avol . 1- 8 . | ||
| 650 | 0 |
_aMahatma Gandhi . _920322 |
|
| 942 |
_2ddc _cBK _n0 |
||
| 999 |
_c111605 _d111605 |
||